000 00714nam a2200193 i 4500
001 32445
003 ES-MaACL
005 20230906154556.0
007 t|
008 030131s1972 sp ||||1| spa d
100 1 _aBenito Ruano, Eloy.
_927689
245 1 0 _aHemandades en Asturias durante la Edad Media
_b: Discurso de ingreso en el Instituto de Estudios Asturianos... 11 de noviembre 1971 /
_cEloy Benito Ruano y contestación por Juan Uría Riu.
260 _a[Oviedo :
_bs.n.,
_c1972] (
_f"La Cruz")
300 _a83 p. ;
_c21 cm.
700 1 _aUría Ríu, Juan.
_9112144
710 2 _aInstituto de Estudios Asturianos.
_94889
852 _aES-MaACL
_jC-45642
_bR.81459
852 _aES-MaACL
_jE-6531
_bR.91097
999 _c32445
_d32445